2018 NBA Playoffs Teams - Statistics

General Stats
  • This quiz has been taken 230 times
  • The average score is 11 of 16
Answer Stats
Seed Conference Answer % Correct
2 West Warriors
98%
1 West Rockets
96%
1 East Raptors
78%
4 East Cavaliers
77%
2 East Celtics
76%
4 West Thunder
74%
3 West Trail Blazers
70%
5 West Jazz
67%
5 East Pacers
65%
3 East 76ers
64%
6 West Pelicans
64%
7 West Spurs
64%
8 West Timberwolves
55%
7 East Bucks
53%
6 East Heat
52%
8 East Wizards
49%
No matching quizzes found
Score Distribution
Percent of People with Each Score
Percentile by Number Answered
Your Score History
You have not taken this quiz